Mediation and liberal peacebuilding : (Record no. 21048)
[ view plain ]
| 000 -LEADER | |
|---|---|
| fixed length control field | 01954cam a22003135a 4500 |
| 001 - CONTROL NUMBER | |
| control field | 17424111 |
| 005 - DATE AND TIME OF LATEST TRANSACTION | |
| control field | 20151116153316.0 |
| 008 - FIXED-LENGTH DATA ELEMENTS--GENERAL INFORMATION | |
| fixed length control field | 120809s2013 enk frb 001 0 eng d |
| 020 ## - INTERNATIONAL STANDARD BOOK NUMBER | |
| International Standard Book Number | 9780415638357 |
| 040 ## - CATALOGING SOURCE | |
| Original cataloging agency | DLC |
| Transcribing agency | DLC |
| Modifying agency | DLC |
| Language of cataloging | eng |
| Modifying agency | EG-ScBUE |
| 082 04 - DEWEY DECIMAL CLASSIFICATION NUMBER | |
| Classification number | 303.69 |
| Edition number | 22 |
| Item number | MED |
| 245 00 - TITLE STATEMENT | |
| Title | Mediation and liberal peacebuilding : |
| Remainder of title | peace from the ashes of war ? / |
| Statement of responsibility, etc | edited by Mikael Eriksson and Roland Kostic. |
| 260 ## - PUBLICATION, DISTRIBUTION, ETC. (IMPRINT) | |
| Place of publication, distribution, etc | Oxon ; |
| -- | New York : |
| Name of publisher, distributor, etc | Routledge / Taylor & Francis Group, |
| Date of publication, distribution, etc | 2013. |
| 300 ## - PHYSICAL DESCRIPTION | |
| Extent | xiv, 195 p. ; |
| Dimensions | 24 cm. |
| 490 0# - Series Statement | |
| Series statement | Routledge studies in intervention and statebuilding |
| 500 ## - GENERAL NOTE | |
| General note | Index : p. 188-195. |
| 504 ## - BIBLIOGRAPHY, ETC. NOTE | |
| Bibliography, etc | Bibliography : p. 167-187. |
| 505 0# - FORMATTED CONTENTS NOTE | |
| Formatted contents note | Peacemaking and peacebuilding: two ends of a tail / Mikael Eriksson and Roland Kostic -- American nation-building abroad: exceptional powers, broken promises and the making of Bosnia / Roland Kostic -- Reconstituting crisis: revisiting the Dayton and Rambouillet agreements and their impact in Kosovo / Jens Stilhoff S�orensen -- The liberal trap: peacemaking and peacebuilding in Afghanistan after 9/11 / Florian Krampe -- Sudan beyond repair?: the role of foreign involvement in the shaping and implementation of the Sudan comprehensive peace agreement / �ystein H. Rolandsen -- The Ouagadougaou political accord / Camilla Elowson -- Going it alone: the Casamance conflict and the challenges of internal peace making / Jannie Lilja and Mohamed Lamine Manga -- An appraisal of the liberal peacebuilding exercise in Sierra Leone / Eldridge Adolfo -- Rethinking peacemaking: peace at all costs? / Mikael Eriksson and Roland Kostic. |
| 650 #0 - SUBJECT ADDED ENTRY--TOPICAL TERM | |
| Topical term or geographic name as entry element | Peace-building. |
| Source of heading or term | BUEsh |
| 650 #0 - SUBJECT ADDED ENTRY--TOPICAL TERM | |
| Topical term or geographic name as entry element | Mediation. |
| Source of heading or term | BUEsh |
| 650 #0 - SUBJECT ADDED ENTRY--TOPICAL TERM | |
| Topical term or geographic name as entry element | Reconciliation. |
| Source of heading or term | BUEsh |
| 650 #0 - SUBJECT ADDED ENTRY--TOPICAL TERM | |
| Topical term or geographic name as entry element | Peace. |
| Source of heading or term | BUEsh |
| 651 ## - SUBJECT ADDED ENTRY--GEOGRAPHIC NAME | |
| Source of heading or term | BUEsh |
| 653 ## - INDEX TERM--UNCONTROLLED | |
| Resource For college | BAEPS, Political Science |
| Arrived date list | November2015 |
| 655 ## - INDEX TERM--GENRE/FORM | |
| Form subdivision | Reading book |
| -- | 34232 |
| 700 1# - ADDED ENTRY--PERSONAL NAME | |
| Personal name | Eriksson, Mikael, |
| Relator term | editor. |
| 700 1# - ADDED ENTRY--PERSONAL NAME | |
| Personal name | Kostic, Roland, |
| Relator term | editor. |
| 942 ## - ADDED ENTRY ELEMENTS (KOHA) | |
| Source of classification or shelving scheme | Dewey Decimal Classification |
| Withdrawn status | Item status | Source of classification or shelving scheme | Damaged status | Not for loan | Vendor | Home library | Current library | Shelving location | Date acquired | Source of acquisition | Total Checkouts | Total Renewals | Full call number | Barcode | Date last seen | Date last borrowed | Koha item type |
|---|---|---|---|---|---|---|---|---|---|---|---|---|---|---|---|---|---|
| Dewey Decimal Classification | Baccah | Central Library | Central Library | First floor | 16/11/2015 | Purchase | 3 | 10 | 303.69 MED | 000031311 | 15/07/2025 | 15/10/2017 | Book - Borrowing | ||||
| Dewey Decimal Classification | Baccah | Central Library | Central Library | First floor | 16/11/2015 | Purchase | 303.69 MED | 000031312 | 15/07/2025 | Book - Borrowing | |||||||
| Dewey Decimal Classification | Baccah | Central Library | Central Library | First floor | 16/11/2015 | Purchase | 2 | 4 | 303.69 MED | 000031313 | 15/07/2025 | 03/04/2019 | Book - Borrowing |